00549cam a22001457a 4500008004000000082001200040100001700052245008300069260003000152300001300182650002300195999001900218952008300237952008300320180718b1979 xxu||||| |||| 00| 0 eng d aB2 J599 aJohari, J.C. aContemporary political theory: basic concepts and major trendscby J.C. Johari aNew DelhibSterlingc1979 axv, 445p aPolitical science. c419751d419751 00104070aIIPAbIIPAd2009-07-09oB2 J599p55563r2018-07-21w2018-07-21yBK 00104070aIIPAbIIPAd2009-07-09oB2 J599p55562r2018-07-21w2018-07-21yBK